| 000 | 00465nam a2200169Ia 4500 | ||
|---|---|---|---|
| 003 | GCL | ||
| 008 | 140319s9999 xx 000 0 ara d | ||
| 040 |
_aGCL / _cGCL |
||
| 082 | 0 | 4 |
_aط _b607 _bح ق |
| 100 | 1 | _aحسن السيبلجى (مترجم) | |
| 245 | 1 | 0 |
_aالقطارات / _cحسن السيبلجى (مترجم) |
| 300 | _a48 ص | ||
| 490 |
_a100 قصة _v0 |
||
| 650 | 0 | 4 | _aالمواصلات |
| 650 | 0 | 4 | _aالسكك الحديدية |
| 942 |
_2ddc _cBK |
||
| 999 |
_c45902 _d45902 |
||